Síntesis histórico militar de Chile
Bewaard in:
| Hoofdauteur: | |
|---|---|
| Formaat: | Boek |
| Taal: | Spaans |
| Gepubliceerd in: |
Santiago, Chile
Universitaria
1988
|
| Editie: | Tercera edición |
| Reeks: | Colección Imagen de Chile
|
| Onderwerpen: | |
| Tags: |
Voeg label toe
Geen labels, Wees de eerste die dit record labelt!
|
MARC
| LEADER | 00000nam a2200000 a 4500 | ||
|---|---|---|---|
| 001 | UCY0954 | ||
| 003 | CL-VaPUC | ||
| 005 | 20200615094119.0 | ||
| 008 | 940818e19880000CL |||||||||||||||||spa|d | ||
| 999 | |c 229819 |d 229817 | ||
| 040 | |c Pontificia Universidad Católica de Valparaíso | ||
| 082 | 0 | 4 | |a 983 TOR 1988 |2 21 |
| 100 | 0 | |a Toro Dávila, Agustín |e author |9 328827 | |
| 245 | 1 | 0 | |a Síntesis histórico militar de Chile |
| 250 | |a Tercera edición | ||
| 260 | |a Santiago, Chile |b Universitaria |c 1988 | ||
| 300 | |a 374 páginas | ||
| 490 | 0 | |a Colección Imagen de Chile | |
| 583 | |a last modification |c 19940818 00:00:00 |k Rodrigo Vera | ||
| 650 | 7 | |a HISTORIA MILITAR |2 CL-VaPUC |9 328828 |y 1550-1891 |z CHILE | |
| 852 | |a BIBCUR | ||
| 942 | |c BK |2 ddc | ||
| 945 | |d 19940818 00:00:00 |a oaravena | ||
| 952 | |0 0 |1 0 |2 ddc |4 0 |6 983_000000000000000_TOR_1988 |7 0 |8 A |9 231495 |a BIBHIS |b BIBHIS |d 2019-11-15 |i 3008371 |o 983 TOR 1988 |p 3008371 |r 2025-01-20 |t 1 |w 2019-11-15 |y BK |k HIS | ||